000 00421nam a22001697a 4500
005 20251108173149.0
008 250721s1994 xx 000 0 eng d
082 1 4 _a384.0601/win
100 1 _aWinsbury, Rex
_eed.
245 1 0 _aVision and Hindsight /
264 1 _aLondon :
_bJohn Libbey,
_c1994.
300 _a243p
650 1 7 _aCOMMUNICATION
700 1 _aFazal, Shehina
_eed.
942 _2ddc
_cBK
999 _c97504
_d97504